| 000 | 00412nam a22001457a 4500 | ||
|---|---|---|---|
| 008 | 230111b |||||||| |||| 00| 0 eng d | ||
| 020 | _a0357671429 | ||
| 050 |
_aBF637 _b.C6C67 2021 |
||
| 100 | _aCorey, Gerald | ||
| 245 |
_aTheory and practice of counseling and psychotherapy/by _cGerald Corey |
||
| 250 | _aUpdated 10th ed. | ||
| 260 |
_aAustralia _bCengage _c2021 |
||
| 300 | _axviii, 490p. | ||
| 942 |
_2lcc _cBK |
||
| 999 |
_c19825 _d19824 |
||